000 00575cam a22002411 4500
001 sa 63004510
003 DLC
005 20260227111949.0
008 890622s1962 ii 000 0 urdr
010 _asa 63004510
035 _a(OCoLC)19914433
040 _aDLC
_cWaU
_dDLC
042 _apremarc
050 0 0 _aPK2184
_b.B3
100 1 _aBarni, Muhammad Ilyas.
245 1 0 _aManāẓir-i qudrat.
260 _c[1962?]
300 _a4 v. in 1.
_c19 cm.
500 _aIn Urdu.
500 _aPoems.
500 _aText partially vocalized.
650 0 _aUrdu poetry.
999 _c55690
_d55690